| 000 | 01498nam a2200253Ia 4500 | ||
|---|---|---|---|
| 003 | Ost | ||
| 005 | 20260507075235.0 | ||
| 008 | 260507s9999||||xx |||||||||||||| ||und|| | ||
| 040 | _cfsecg | ||
| 041 | _aara | ||
| 082 | _a330 | ||
| 100 |
_aادريس، وائل محمد صبحي _eمؤلف |
||
| 245 | 0 |
_aأساسيات الأداء و بطاقة التقييم المتوازن / _c وائل محمد صبحي ادريس |
|
| 260 |
_aعمان: _bدار وائل, _c2009 |
||
| 300 |
_a254 صفحة؛ _bإيضاحات ؛ _c24 سم |
||
| 490 |
_aسلسلة ادارة الاداء الاستراتيجي _v1 |
||
| 504 | _aمراجع ص.253 ؛ اشكال : لكل شكل صفحة ؛ جدول : لكل جدول صفحة | ||
| 520 | _a1) تشخيص الأداء : التطور التاريخي للأداء ، مقدمة في قباس و إدارة الاداء في عصر المعلومات 2)بطلقية التقييم المتوازن : ماهية بطاقة التقييم المتوازن ، المنظور المالي في بطاقة التقييم المتوازن ، منظور العملاء و العمليات الداخلية في بطاقة التقييم المتوازن ، منظور التعلم و النمو في بطاقة التقييم المتوازن. | ||
| 653 | _aإدارة الأفراد | ||
| 653 | _aالإدارة | ||
| 653 | _aتقييم الأداء | ||
| 700 |
_aالغالبي، طاهر محسن منصور _eمؤلف ثانوي |
||
| 942 | _cكتاب | ||
| 999 |
_c43584 _d43584 |
||